000 01589nam a2200289 a 4500
001 79728
003 BD-RjUL
005 20220817113916.0
008 220419s2010 bg a|||| m||| 00| 0 ben d
035 _a(BD-RjUL)79728
040 _aBD-RjUL
_bben/eng
_cBD-RjUL
_dBD-RjUL
041 _aben
082 _223
_a144.092
_bKHL 2010
100 _aখালেদউজ্জামান, মো:
_92570
245 1 0 _aলালন দর্শনে মানবতাবাদ /
_cমো. খালেদউজ্জামান ;
_6তত্ত্বাবধায়ক : জিতেন্দ্র নাথ সরকার
246 _aHumanism in the philosophy Lalon
260 _aরাজশাহী :
_bদর্শন বিভাগ, রাজশাহী বিশ্ববিদ্যালয়,
_c২০১০
300 _a[৩], viii, ৩৩৪ পাতা :
_bচিত্র ;
_c২৯ সেমি.
502 _aথিসিস (পিএইচ. ডি.)-- দর্শন বিভাগ, রাজশাহী বিশ্ববিদ্যালয়, ২০১০
504 _aগ্রন্থপঞ্জী: পাতা [৩২৪]-৩৩৪
600 _aশাহ, লালন
_cফকির
_d১৭৭৪-১৮৯০ খ্রিষ্টাব্দ
_xজীবনী
_94403
600 _aShah, Lalon
_cfakir
_d1774-1890 A. D.
_xBiography
_94404
650 _aমানবতাবাদ
650 _aHumanism
700 _aসরকার, জিতেন্দ্র নাথ, তত্ত্বাবধায়ক
_92573
942 _2ddc
_cTHE
999 _c79728
_d79728